<?xml version="1.0" encoding="UTF-8"?>
<record
    xmlns:xsi="http://www.w3.org/2001/XMLSchema-instance"
    xsi:schemaLocation="http://www.loc.gov/MARC21/slim http://www.loc.gov/standards/marcxml/schema/MARC21slim.xsd"
    xmlns="http://www.loc.gov/MARC21/slim">

  <leader>00891nam a2200265 a 4500</leader>
  <controlfield tag="001">72766</controlfield>
  <controlfield tag="003">BD-RjUL</controlfield>
  <controlfield tag="005">20211209082316.0</controlfield>
  <controlfield tag="008">170523s1952    nyua     b    001 0 eng d</controlfield>
  <datafield tag="035" ind1=" " ind2=" ">
    <subfield code="a">(BD-RjUL)72984</subfield>
  </datafield>
  <datafield tag="040" ind1=" " ind2=" ">
    <subfield code="a">BD-RjUL</subfield>
    <subfield code="b">eng</subfield>
    <subfield code="c">BD-RjUL</subfield>
    <subfield code="d">BD-RjUL</subfield>
  </datafield>
  <datafield tag="041" ind1=" " ind2=" ">
    <subfield code="a">eng</subfield>
  </datafield>
  <datafield tag="082" ind1=" " ind2=" ">
    <subfield code="2">23</subfield>
    <subfield code="a">581.6</subfield>
    <subfield code="b">HIE 1952</subfield>
  </datafield>
  <datafield tag="100" ind1="1" ind2=" ">
    <subfield code="a">Hill, Albert F.</subfield>
    <subfield code="q">(Albert Frederick),</subfield>
    <subfield code="d">1889-1977</subfield>
    <subfield code="9">215242</subfield>
  </datafield>
  <datafield tag="245" ind1="1" ind2="0">
    <subfield code="a">Economic botany :</subfield>
    <subfield code="b">a textbook of useful plants and plant products /</subfield>
    <subfield code="c">Albert F. Hill</subfield>
  </datafield>
  <datafield tag="250" ind1=" " ind2=" ">
    <subfield code="a">2nd ed.</subfield>
  </datafield>
  <datafield tag="260" ind1=" " ind2=" ">
    <subfield code="a">New York :</subfield>
    <subfield code="b">McGraw-Hill Book Co,</subfield>
    <subfield code="c">1952</subfield>
  </datafield>
  <datafield tag="300" ind1=" " ind2=" ">
    <subfield code="a">xii, 560 p :</subfield>
    <subfield code="b">ill ;</subfield>
    <subfield code="c">24 cm</subfield>
  </datafield>
  <datafield tag="490" ind1=" " ind2=" ">
    <subfield code="a">McGraw-Hill publications in the botanical sciences</subfield>
  </datafield>
  <datafield tag="504" ind1=" " ind2=" ">
    <subfield code="a">Includes bibliography and index</subfield>
  </datafield>
  <datafield tag="650" ind1=" " ind2="0">
    <subfield code="a">Botany, Economic</subfield>
    <subfield code="9">215243</subfield>
  </datafield>
  <datafield tag="830" ind1=" " ind2="0">
    <subfield code="a">McGraw-Hill publications in the botanical sciences</subfield>
    <subfield code="9">215245</subfield>
  </datafield>
  <datafield tag="942" ind1=" " ind2=" ">
    <subfield code="2">ddc</subfield>
    <subfield code="c">BK</subfield>
  </datafield>
  <datafield tag="999" ind1=" " ind2=" ">
    <subfield code="c">72766</subfield>
    <subfield code="d">72766</subfield>
  </datafield>
  <datafield tag="952" ind1=" " ind2=" ">
    <subfield code="0">0</subfield>
    <subfield code="1">0</subfield>
    <subfield code="2">ddc</subfield>
    <subfield code="4">0</subfield>
    <subfield code="7">1</subfield>
    <subfield code="8">NFIC</subfield>
    <subfield code="a">RUCL</subfield>
    <subfield code="b">RUCL</subfield>
    <subfield code="c">Reading</subfield>
    <subfield code="d">1968-04-11</subfield>
    <subfield code="e">Zeitlinger</subfield>
    <subfield code="g">107.00</subfield>
    <subfield code="l">0</subfield>
    <subfield code="o">581.6 HIE 1952</subfield>
    <subfield code="r">2017-05-23 00:00:00</subfield>
    <subfield code="t">C-1</subfield>
    <subfield code="w">2017-05-23</subfield>
    <subfield code="y">BK</subfield>
  </datafield>
  <datafield tag="952" ind1=" " ind2=" ">
    <subfield code="0">0</subfield>
    <subfield code="1">0</subfield>
    <subfield code="2">ddc</subfield>
    <subfield code="4">0</subfield>
    <subfield code="7">0</subfield>
    <subfield code="8">NFIC</subfield>
    <subfield code="a">RUCL</subfield>
    <subfield code="b">RUCL</subfield>
    <subfield code="c">Stack</subfield>
    <subfield code="d">1968-04-11</subfield>
    <subfield code="e">Zeitlinger</subfield>
    <subfield code="g">107.00</subfield>
    <subfield code="l">0</subfield>
    <subfield code="o">581.6 HIE 1952</subfield>
    <subfield code="r">2018-12-22 00:00:00</subfield>
    <subfield code="t">C-2</subfield>
    <subfield code="w">2021-12-09</subfield>
    <subfield code="y">BK</subfield>
  </datafield>
  <datafield tag="952" ind1=" " ind2=" ">
    <subfield code="0">0</subfield>
    <subfield code="1">0</subfield>
    <subfield code="2">ddc</subfield>
    <subfield code="4">0</subfield>
    <subfield code="7">0</subfield>
    <subfield code="8">NFIC</subfield>
    <subfield code="a">RUCL</subfield>
    <subfield code="b">RUCL</subfield>
    <subfield code="c">Stack</subfield>
    <subfield code="d">1963-11-20</subfield>
    <subfield code="e">Euro. pak</subfield>
    <subfield code="g">22.62</subfield>
    <subfield code="l">1</subfield>
    <subfield code="o">581.6 HIE 1952</subfield>
    <subfield code="r">2019-08-04 00:00:00</subfield>
    <subfield code="s">2019-07-11</subfield>
    <subfield code="t">C-3</subfield>
    <subfield code="w">2019-01-09</subfield>
    <subfield code="y">BK</subfield>
  </datafield>
  <datafield tag="952" ind1=" " ind2=" ">
    <subfield code="0">0</subfield>
    <subfield code="1">0</subfield>
    <subfield code="2">ddc</subfield>
    <subfield code="4">0</subfield>
    <subfield code="7">0</subfield>
    <subfield code="8">NFIC</subfield>
    <subfield code="a">RUCL</subfield>
    <subfield code="b">RUCL</subfield>
    <subfield code="c">Stack</subfield>
    <subfield code="d">1968-04-06</subfield>
    <subfield code="e">Zeitlinger</subfield>
    <subfield code="g">107.00</subfield>
    <subfield code="l">0</subfield>
    <subfield code="o">581.6 HIE 1952</subfield>
    <subfield code="r">2019-02-03 00:00:00</subfield>
    <subfield code="t">C-4</subfield>
    <subfield code="w">2019-02-03</subfield>
    <subfield code="y">BK</subfield>
  </datafield>
  <datafield tag="952" ind1=" " ind2=" ">
    <subfield code="0">0</subfield>
    <subfield code="1">0</subfield>
    <subfield code="2">ddc</subfield>
    <subfield code="4">0</subfield>
    <subfield code="7">0</subfield>
    <subfield code="8">NFIC</subfield>
    <subfield code="a">RUCL</subfield>
    <subfield code="b">RUCL</subfield>
    <subfield code="c">Stack</subfield>
    <subfield code="d">1968-04-11</subfield>
    <subfield code="e">Zeitlinger</subfield>
    <subfield code="g">107.00</subfield>
    <subfield code="l">0</subfield>
    <subfield code="o">581.6 HIE 1952</subfield>
    <subfield code="r">2019-02-03 00:00:00</subfield>
    <subfield code="t">C-5</subfield>
    <subfield code="w">2019-02-03</subfield>
    <subfield code="y">BK</subfield>
  </datafield>
  <datafield tag="952" ind1=" " ind2=" ">
    <subfield code="0">0</subfield>
    <subfield code="1">0</subfield>
    <subfield code="2">ddc</subfield>
    <subfield code="4">0</subfield>
    <subfield code="7">0</subfield>
    <subfield code="8">NFIC</subfield>
    <subfield code="a">RUCL</subfield>
    <subfield code="b">RUCL</subfield>
    <subfield code="c">GEN</subfield>
    <subfield code="d">1964-03-03</subfield>
    <subfield code="e">Zeitlinger</subfield>
    <subfield code="g">74.00</subfield>
    <subfield code="l">0</subfield>
    <subfield code="o">581.6 HIE 1952</subfield>
    <subfield code="r">2022-09-12 00:00:00</subfield>
    <subfield code="t">C-6</subfield>
    <subfield code="w">2022-09-12</subfield>
    <subfield code="y">BK</subfield>
  </datafield>
  <datafield tag="952" ind1=" " ind2=" ">
    <subfield code="0">0</subfield>
    <subfield code="1">0</subfield>
    <subfield code="2">ddc</subfield>
    <subfield code="4">0</subfield>
    <subfield code="7">0</subfield>
    <subfield code="8">NFIC</subfield>
    <subfield code="a">RUCL</subfield>
    <subfield code="b">RUCL</subfield>
    <subfield code="c">GEN</subfield>
    <subfield code="d">1964-03-03</subfield>
    <subfield code="e">Zeitlinger</subfield>
    <subfield code="g">74.00</subfield>
    <subfield code="l">0</subfield>
    <subfield code="o">581.6 HIE 1951</subfield>
    <subfield code="r">2022-10-24 00:00:00</subfield>
    <subfield code="t">C-7</subfield>
    <subfield code="w">2022-10-24</subfield>
    <subfield code="y">BK</subfield>
  </datafield>
</record>
